000 00481nam a22001577a 4500
003 OSt
005 20251023074938.0
008 251023b |||||||| |||| 00| 0 eng d
020 _a978-0860-739
040 _aDWC-Main lib.
_cOC
082 _aFil. 343.07 R454 2000
245 _a Revised National Plumbing code of the Philippines/
260 _a Manila
_b: National Bookstore Inc.
_c, c2000.
300 _axiii, 219 pages
_b: illustrations
_c; 27cm.
942 _2ddc
_cBK-CIRC
_kCirc.
_n0
999 _c5066
_d5066